WBC歴代監督コーチ - Statistics

General Stats
  • This quiz has been taken 24 times
  • The average score is 16 of 44
Answer Stats
Hint 背番号 Hint Answer % Correct
第6回(2026) 89 監督 井端弘和
100%
第1回(2006) 89 監督 王貞治
95%
第5回(2023) 89 監督 栗山英樹
95%
第2回(2009) 83 監督 原辰徳
91%
第3回(2013) 88 監督 山本浩二
73%
第4回(2017) 90 監督 小久保裕紀
55%
80 打撃 稲葉篤紀
55%
79 外野守備走塁 亀井善行
50%
71 野手総合 松田宣浩
50%
81 投手 吉見一起
45%
72 投手 権藤博
41%
81 投手 吉井理人
41%
63 内野守備走塁 高代延博
36%
63 内野守備走塁 高代延博
36%
84 投手 能見篤史
36%
72 総合 伊東勤
32%
81 打撃 篠塚和典
32%
73 外野守備走塁 緒方耕一
32%
73 外野守備走塁 緒方耕一
32%
90 ヘッド 白井一幸
32%
87 外野守備走塁 清水雅治
32%
88 ヘッド 金子誠
32%
71 投手 山田久志
27%
92 投手 与田剛
27%
92 投手 与田剛
27%
99 野手総合 梨田昌孝
27%
81 打撃 立浪和義
27%
75 戦略 橋上秀樹
27%
84 バッテリー 村田善則
27%
77 打撃 吉村禎章
27%
74 バッテリー 村田善則
27%
74 バッテリー 村田善則
27%
85 内野守備走塁 辻󠄀発彦
23%
73 ヘッド 奈良原浩
23%
87 内野守備走塁 仁志敏久
23%
79 内野守備走塁兼作戦 城石憲之
23%
87 打撃 大島康徳
18%
88 外野守備走塁 弘田澄男
18%
78 投手総合 東尾修
18%
75 ブルペン担当 厚澤和幸
18%
86 投手 鹿取義隆
14%
79 外野守備走塁 大西崇之
14%
77 内野守備走塁 梵英心
14%
84 投手 武田一浩
9%
No matching quizzes found
Score Distribution
Percent of People with Each Score
Percentile by Number Answered
Your Score History
You have not taken this quiz